| 000 | 00545cab a2200205 4500 | ||
|---|---|---|---|
| 001 | ABS44916 | ||
| 008 | 090401t1991 xxu||||| |||| 00| 0 eng d | ||
| 035 | _a(Sirsi) u49871 | ||
| 041 | _aeng | ||
| 100 | _aHarding, C | ||
| 245 | _aLittle sleep lost over the loss of the BEC guarantee | ||
| 260 | _c1991 | ||
| 350 | _a0 | ||
| 490 |
_aBuilding _v256(7708) 2 August 1991, 24(1) |
||
| 520 | _aPinpoints the failure of the BEC guarantee scheme. | ||
| 650 | _aGUARANTEES | ||
| 690 | _aBUILT ENVIRONMENT | ||
| 942 | _n0 | ||
| 948 | _c04/03/1997 | ||
| 999 |
_c31225 _d31225 |
||